000 01164nam a22001697a 4500
999 _c63733
_d63733
003 Ge_BSU
005 20251217155047.0
008 251217s2024 ge ||||| |||| 00| 0 geo d
020 _a9789941990304
041 _ageo
080 _a396(479.22) : 325.2-055.2(=353.1) დ-24
100 _aდაუშვილი, რუსუდან
_926521
245 _aქართველი ქალები ემიგრაციაში = Georgian women in emigration /
_cტექსტის ავტორი რ. დაუშვილი; კონსულტანტი მ. ხოსიტაშვილი; რედაქტორი კ. ჯავახიშვილი; მთარგმნელი მ. ჭყონია; ინგლისური ტექსტის რედაქტორი ნ. კაჭაბავა; დიზაინერი მ. ცომაია.
264 _aთბილისი :
_bსაქართველოს პარლამენტის ეროვნული ბიბლიოთეკა,
_c 2024.
300 _a207 გვ. :
_bფოტ. ;
_c31 სმ.
942 _2udc
_cᲬᲘᲒᲜᲘ